[Event "IV Open FIDE"]
[Site "Forli' ITA"]
[Date "1991.09.07"]
[Round "1"]
[White "Antonsen, Mikkel"]
[Black "Falchetta, Giovanni"]
[Result "1/2-1/2"]
[WhiteElo "2325"]
[BlackElo "2235"]
[PlyCount "59"]
[EventDate "1991.09.07"]

1. d4 Nf6 2. c4 g6 3. Nc3 d5 4. Nf3 Bg7 5. Bg5 Ne4 6. Bh4 Nxc3 7. bxc3 c5 8.
cxd5 Qxd5 9. e3 cxd4 10. cxd4 Nc6 11. Be2 O-O 12. O-O e5 13. dxe5 Qa5 14. Bf6
Bxf6 15. exf6 Qf5 16. Qd6 Rd8 17. Qc7 Qxf6 18. Rfd1 Rd7 19. Rxd7 Qxa1+ 20. Rd1
Qxa2 21. Ng5 Be6 22. Qxb7 Rb8 23. Qxc6 Qxe2 24. Qd6 Rb6 25. Qd4 Ba2 26. Rc1 Qc2
27. Qd8+ Kg7 28. Qd4+ Kg8 29. Qd8+ Kg7 30. Qd4+ 1/2-1/2

[Event "IV Open FIDE"]
[Site "Forli' ITA"]
[Date "1991.09.07"]
[Round "1"]
[White "Becker, Marc"]
[Black "Lagrotteria, Salvatore"]
[Result "1/2-1/2"]
[WhiteElo "2310"]
[BlackElo "2240"]
[PlyCount "101"]
[EventDate "1991.09.07"]

1. c4 g6 2. g3 Bg7 3. Bg2 d6 4. Nc3 Nf6 5. Nf3 O-O 6. O-O e5 7. d3 Nbd7 8. Rb1
a5 9. a3 Re8 10. Nd2 Nf8 11. b4 axb4 12. axb4 c6 13. Nde4 Nxe4 14. dxe4 Qe7 15.
Qd3 Ne6 16. Rd1 Bf8 17. Be3 h6 18. Ra1 Bd7 19. Rab1 Bc8 20. h4 Kh7 21. Bf3 Qf6
22. Kg2 Qg7 23. Kh2 Be7 24. Bg2 Nd4 25. Bc1 Qf6 26. Rf1 g5 27. hxg5 hxg5 28.
Be3 Kg7 29. Bxd4 Rh8+ 30. Kg1 exd4 31. Nd1 Qh6 32. f3 Bh3 33. Qxd4+ Bf6 34. Qf2
Bxg2 35. Qxg2 Ra2 36. Re1 Bd4+ 37. Nf2 g4 38. f4 Be3 39. Ra1 Rb2 40. Rab1 Rc2
41. Kf1 Bxf2 42. Kxf2 Qf6 43. Rbd1 Rh3 44. Rh1 Qb2 45. Rde1 Qd4+ 46. Kf1 Rxh1+
47. Qxh1 Rxc4 48. Qh4 Qxe4 49. Qxg4+ Kf8 50. Qc8+ Kg7 51. Qg4+ 1/2-1/2

[Event "IV Open FIDE"]
[Site "Forli' ITA"]
[Date "1991.09.07"]
[Round "1"]
[White "Belotti, Bruno"]
[Black "Anceschi, Vittorio"]
[Result "1-0"]
[WhiteElo "2450"]
[BlackElo "2290"]
[PlyCount "87"]
[EventDate "1991.09.07"]

1. e4 e6 2. d4 d5 3. Nc3 Nf6 4. Bg5 Bb4 5. e5 h6 6. Bd2 Nfd7 7. Qg4 Bf8 8. Bd3
a6 9. Nce2 c5 10. c3 Qb6 11. Nf3 Nc6 12. O-O c4 13. Bg6 Ne7 14. Nh4 Nxg6 15.
Nxg6 fxg6 16. Qxg6+ Ke7 17. Nf4 Qc6 18. Qh5 Rg8 19. Ng6+ Kd8 20. Qh4+ Ke8 21.
f4 Nb6 22. Rae1 Kd7 23. f5 Kc7 24. f6 gxf6 25. Nxf8 Rxf8 26. Bxh6 Rf7 27. Qh5
Qe8 28. exf6 Kb8 29. g4 Ka7 30. g5 Nd7 31. Bg7 Nf8 32. g6 Nxg6 33. Qxg6 Bd7 34.
Re5 Qg8 35. Rh5 Be8 36. Rh8 Rd7 37. Qg5 Qf7 38. h4 Qg6 39. Qxg6 Bxg6 40. h5
Rxh8 41. hxg6 Rh5 42. f7 Rg5+ 43. Kf2 Rxg6 44. f8=Q 1-0

[Event "IV Open FIDE"]
[Site "Forli' ITA"]
[Date "1991.09.07"]
[Round "1"]
[White "Dutreeuw, Marc"]
[Black "Drei, Andrea"]
[Result "1/2-1/2"]
[WhiteElo "2410"]
[BlackElo "2250"]
[PlyCount "80"]
[EventDate "1991.09.07"]

1. e4 c5 2. Nf3 e6 3. d4 cxd4 4. Nxd4 Nc6 5. Nb5 d6 6. c4 Nf6 7. N1c3 a6 8. Na3
Be7 9. Be2 O-O 10. O-O b6 11. Be3 Bb7 12. Qb3 Nd7 13. Rfd1 Nc5 14. Qc2 Qc7 15.
Nab1 Nb4 16. Qd2 Rfd8 17. Bf4 Rac8 18. f3 Qc6 19. Bf1 d5 20. cxd5 exd5 21. Nxd5
Nxd5 22. exd5 Rxd5 23. Qxd5 Qxd5 24. Rxd5 Bxd5 25. Nc3 Bb7 26. Rd1 Rd8 27.
Rxd8+ Bxd8 28. Kf2 Kf8 29. Bd6+ Be7 30. Bc7 b5 31. Ke3 Ke8 32. g3 Kd7 33. Be5
g6 34. Bh3+ f5 35. g4 Ke6 36. Bc7 Bg5+ 37. Kd4 b4 38. Kxc5 bxc3 39. bxc3 Bxf3
40. gxf5+ gxf5 1/2-1/2

[Event "IV Open FIDE"]
[Site "Forli' ITA"]
[Date "1991.09.07"]
[Round "1"]
[White "Hansen, Curt"]
[Black "Motwani, Paul"]
[Result "1/2-1/2"]
[WhiteElo "2600"]
[BlackElo "2440"]
[PlyCount "42"]
[EventDate "1991.09.07"]

1. d4 f5 2. g3 Nf6 3. Bg2 d6 4. Nh3 e5 5. dxe5 dxe5 6. Qxd8+ Kxd8 7. O-O h6 8.
Rd1+ Nbd7 9. Nd2 c6 10. Nc4 Kc7 11. a4 Bc5 12. Bd2 Nd5 13. Rab1 g5 14. Kf1 Re8
15. b4 Bf8 16. Na5 e4 17. c4 N5f6 18. Bc3 Ng4 19. Kg1 Nde5 20. c5 b6 21. Nb3 b5
1/2-1/2

[Event "IV Open FIDE"]
[Site "Forli' ITA"]
[Date "1991.09.07"]
[Round "1"]
[White "Maljutin, Evgeni"]
[Black "Lagumina, Giulio"]
[Result "0-1"]
[WhiteElo "2435"]
[BlackElo "2265"]
[PlyCount "108"]
[EventDate "1991.09.07"]

1. e4 e5 2. Nf3 Nc6 3. Bb5 a6 4. Bxc6 dxc6 5. O-O Bg4 6. h3 h5 7. d3 Qf6 8.
Nbd2 Ne7 9. Re1 Ng6 10. d4 Nf4 11. hxg4 hxg4 12. g3 gxf3 13. Qxf3 Ne6 14. dxe5
Qh6 15. Nb3 Qh2+ 16. Kf1 Bc5 17. Qg2 Qh5 18. Nxc5 Nxc5 19. Be3 Qxe5 20. Qf3
O-O-O 21. Qf5+ Qxf5 22. exf5 Na4 23. b3 Nc3 24. Kg2 Rhe8 25. Bd2 Rxe1 26. Bxe1
Ne2 27. g4 c5 28. f3 Nd4 29. Rc1 Re8 30. c3 Nc6 31. Bf2 Re2 32. Kg3 Ne5 33. Rd1
b6 34. a4 Rc2 35. Be1 Rb2 36. f4 Nc6 37. g5 Rxb3 38. Kg4 Rb2 39. Rd3 Re2 40.
Bg3 Re4 41. Rd1 b5 42. axb5 axb5 43. Bf2 Rc4 44. Rd5 b4 45. cxb4 cxb4 46. Rb5
Nd4 47. Bxd4 Rxd4 48. f6 gxf6 49. gxf6 c6 50. Re5 b3 51. Re8+ Kc7 52. Re7+ Kb6
53. Rxf7 b2 54. Rf8 Kc7 0-1

[Event "IV Open FIDE"]
[Site "Forli' ITA"]
[Date "1991.09.07"]
[Round "1"]
[White "Mauro, Alan"]
[Black "Langeweg, Kick"]
[Result "0-1"]
[WhiteElo "2240"]
[BlackElo "2410"]
[PlyCount "46"]
[EventDate "1991.09.07"]

1. e4 c5 2. Nf3 e6 3. d4 cxd4 4. Nxd4 Nc6 5. Nxc6 bxc6 6. Bd3 Nf6 7. O-O d5 8.
Nd2 Be7 9. c4 O-O 10. Kh1 e5 11. cxd5 cxd5 12. exd5 Qxd5 13. Qb3 Qxb3 14. axb3
Rd8 15. Ba6 Bxa6 16. Rxa6 Bc5 17. f3 Rd3 18. Nc4 Bd4 19. Bg5 Rxb3 20. Bxf6 gxf6
21. Rxf6 Rc8 22. Nd6 Rc6 23. Rh6 Rbb6 0-1

[Event "IV Open FIDE"]
[Site "Forli' ITA"]
[Date "1991.09.07"]
[Round "1"]
[White "Mileto, Gabriele"]
[Black "Godena, Michele"]
[Result "0-1"]
[WhiteElo "2255"]
[BlackElo "2415"]
[PlyCount "84"]
[EventDate "1991.09.07"]

1. d4 Nf6 2. c4 c5 3. d5 b5 4. Nf3 Bb7 5. a4 b4 6. Nbd2 d6 7. g3 e5 8. Bg2 g6
9. O-O Bg7 10. e4 O-O 11. Ne1 Nh5 12. Bf3 Nf6 13. Bg2 Nbd7 14. Nd3 Nh5 15. Bf3
Ndf6 16. b3 Bc8 17. Bb2 a5 18. Qe2 Ra7 19. Rae1 Re7 20. Bg2 Ree8 21. f4 exf4
22. gxf4 Nxe4 23. Nxe4 f5 24. Bxg7 Nxg7 25. Ndf2 fxe4 26. Nxe4 Bf5 27. Qd2 Bxe4
28. Rxe4 Rxe4 29. Bxe4 Qh4 30. Qf2 Qxf2+ 31. Rxf2 Re8 32. Bc2 Re3 33. Kg2 Rc3
34. Kf1 Kf7 35. f5 gxf5 36. Bxf5 Nxf5 37. Rxf5+ Kg6 38. Rf8 Rxb3 39. Rd8 Rc3
40. Rxd6+ Kf5 41. Ra6 Rxc4 42. Rxa5 b3 0-1

[Event "IV Open FIDE"]
[Site "Forli' ITA"]
[Date "1991.09.07"]
[Round "1"]
[White "Ortega, Lexy"]
[Black "Pieri, Filippo"]
[Result "0-1"]
[WhiteElo "2410"]
[BlackElo "2240"]
[PlyCount "122"]
[EventDate "1991.09.07"]

1. d4 Nf6 2. Nf3 c5 3. d5 e6 4. c4 exd5 5. cxd5 d6 6. Nc3 g6 7. h3 Bg7 8. e4
O-O 9. Bd3 b5 10. Nxb5 Nxe4 11. Bxe4 Re8 12. Ng5 h6 13. Ne6 Qa5+ 14. Nc3 Bxc3+
15. bxc3 Qxc3+ 16. Bd2 Qc4 17. Qc2 Qxc2 18. Bxc2 Kh7 19. O-O-O fxe6 20. h4 h5
21. g4 exd5 22. gxh5 Bf5 23. hxg6+ Bxg6 24. Bxg6+ Kxg6 25. Rdg1+ Kf7 26. Rh3
Nc6 27. Rf3+ Ke6 28. Rg6+ Ke5 29. Re3+ Kd4 30. Rxd6 Nb4 31. Bxb4 cxb4 32. Kd2
Rxe3 33. fxe3+ Kc5 34. Rg6 Rf8 35. Rg2 Rf1 36. Rh2 Rf6 37. h5 Rh6 38. Kd3 a5
39. Rh1 Kd6 40. Kd4 a4 41. Rh2 Ke6 42. Rh1 Kd6 43. Rh4 Kc6 44. Rh1 Kd6 45. Rh2
Ke6 46. Kc5 b3 47. a3 Ke5 48. Kb5 d4 49. exd4+ Kxd4 50. Kxa4 Rb6 51. Rh4+ Kc5
52. Rh1 b2 53. Rb1 Rb8 54. h6 Kc4 55. Ka5 Kb3 56. a4 Ka2 57. Rh1 b1=Q 58. Rxb1
Rxb1 59. h7 Rh1 60. Kb6 Rh6+ 61. Kb5 Kb3 0-1

[Event "IV Open FIDE"]
[Site "Forli' ITA"]
[Date "1991.09.07"]
[Round "1"]
[White "Payen, Arnaud"]
[Black "Berg, Klaus"]
[Result "1/2-1/2"]
[WhiteElo "2235"]
[BlackElo "2390"]
[PlyCount "63"]
[EventDate "1991.09.07"]

1. e4 c6 2. d4 d5 3. exd5 cxd5 4. c4 Nf6 5. Nc3 e6 6. Nf3 Bb4 7. cxd5 Nxd5 8.
Bd2 Nc6 9. Bd3 Be7 10. a3 O-O 11. O-O Bf6 12. Be3 Nxc3 13. bxc3 b6 14. c4 Bb7
15. Qc2 g6 16. Rfd1 Rc8 17. Rac1 Na5 18. Ne5 Qe7 19. Qa4 Rfd8 20. c5 Bd5 21.
Nc4 Bc6 22. Qb4 Nxc4 23. Bxc4 Qb7 24. Bf1 Rd7 25. cxb6 axb6 26. d5 Bxd5 27.
Rxc8+ Qxc8 28. Bxb6 Be7 29. Qb2 Qa8 30. Ra1 Bd8 31. Bxd8 Qxd8 32. a4 1/2-1/2

[Event "IV Open FIDE"]
[Site "Forli' ITA"]
[Date "1991.09.07"]
[Round "1"]
[White "Pedersen, Steffen"]
[Black "Farago, Ivan"]
[Result "1-0"]
[WhiteElo "2295"]
[BlackElo "2515"]
[PlyCount "61"]
[EventDate "1991.09.07"]

1. d4 Nf6 2. c4 e6 3. Nc3 Bb4 4. g3 O-O 5. Bg2 d5 6. Nf3 dxc4 7. O-O Nc6 8. a3
Bxc3 9. bxc3 Nd5 10. Qc2 h6 11. a4 b6 12. e4 Nf6 13. Re1 Ba6 14. Bf4 Re8 15.
Rad1 Qe7 16. d5 e5 17. dxc6 exf4 18. e5 Nh7 19. Rd7 Qc5 20. e6 fxe6 21. Qg6 Re7
22. Rxe6 Nf8 23. Rexe7 Nxg6 24. Rxg7+ Kf8 25. Rdf7+ Ke8 26. Bh3 Qf8 27. Bd7+
Kd8 28. Nh4 Qxg7 29. Rxg7 Nf8 30. Ng6 Nxd7 31. Rg8+ 1-0

[Event "IV Open FIDE"]
[Site "Forli' ITA"]
[Date "1991.09.07"]
[Round "1"]
[White "Shrentzel, Israel"]
[Black "Zadrima, Aldo"]
[Result "1/2-1/2"]
[WhiteElo "2375"]
[BlackElo "2235"]
[PlyCount "50"]
[EventDate "1991.09.07"]

1. d4 Nf6 2. c4 g6 3. Nc3 d5 4. Nf3 Bg7 5. e3 O-O 6. Bd2 e6 7. Qb3 c6 8. Bd3
Nbd7 9. O-O dxc4 10. Bxc4 c5 11. dxc5 Nxc5 12. Qa3 b6 13. Rfd1 Bb7 14. Be2 Qb8
15. h3 Rd8 16. Be1 Nd5 17. Nxd5 Bxd5 18. Bc3 Bxc3 19. Qxc3 Ne4 20. Qa3 Qd6 21.
Qxd6 Nxd6 22. Nd4 a5 23. f3 Rac8 24. Ba6 Bb7 25. Bxb7 Nxb7 1/2-1/2

[Event "IV Open FIDE"]
[Site "Forli' ITA"]
[Date "1991.09.07"]
[Round "1"]
[White "Wagman, Stuart"]
[Black "Votruba, Pavel"]
[Result "0-1"]
[WhiteElo "2225"]
[BlackElo "2355"]
[PlyCount "82"]
[EventDate "1991.09.07"]

1. e4 e6 2. d4 d5 3. Nc3 Nf6 4. e5 Nfd7 5. f4 c5 6. Nf3 Nc6 7. Be3 a6 8. Qd2 b5
9. dxc5 b4 10. Nd1 Nxc5 11. Nf2 Be7 12. Be2 O-O 13. O-O Na4 14. Nd4 Qc7 15. Nd3
Rb8 16. Rf3 Bd7 17. f5 Nxd4 18. Bxd4 exf5 19. Rg3 Bh4 20. Rh3 Qd8 21. Nf4 Be6
22. Bxa6 Bg5 23. Qf2 h6 24. Bd3 Qc7 25. Nh5 Rfc8 26. Rf3 Nc5 27. Bxf5 Ne4 28.
Bxe4 dxe4 29. Rg3 Qxc2 30. Qxc2 Rxc2 31. Rf1 g6 32. Nf6+ Bxf6 33. exf6 Bxa2 34.
b3 Rd8 35. Be3 Kh7 36. Bxh6 Rd5 37. Bg5 Rd3 38. Rxd3 exd3 39. Rd1 Rc3 40. Re1
Bxb3 41. Bd2 Rc2 0-1

[Event "IV Open FIDE"]
[Site "Forli' ITA"]
[Date "1991.09.07"]
[Round "1"]
[White "Yilmaz, Turhan"]
[Black "Magalotti, Andrea"]
[Result "1-0"]
[WhiteElo "2340"]
[BlackElo "2205"]
[PlyCount "95"]
[EventDate "1991.09.07"]

1. e4 e5 2. Nf3 Nc6 3. Bb5 a6 4. Ba4 Nf6 5. Bxc6 dxc6 6. d3 Nd7 7. Nbd2 Bd6 8.
O-O O-O 9. b3 Re8 10. Bb2 Nf8 11. Nc4 Ng6 12. Re1 Qf6 13. d4 Bg4 14. dxe5 Bxe5
15. Ncxe5 Nxe5 16. Bxe5 Rxe5 17. h3 Bxf3 18. Qxf3 Qe7 19. Re3 Rd8 20. Rae1 f6
21. Qe2 Kh8 22. f4 Re6 23. e5 Re8 24. exf6 Qc5 25. b4 Qb6 26. Kh1 Rxe3 27. f7
Rf8 28. Qxe3 Qxe3 29. Rxe3 g5 30. Re8 Kg7 31. Rxf8 Kxf8 32. fxg5 Kxf7 33. g4
Ke6 34. h4 b6 35. h5 Ke7 36. Kg2 Ke6 37. Kf3 Ke7 38. Kf4 Ke6 39. Ke4 Ke7 40.
Ke5 Kf7 41. Kf5 Ke7 42. g6 Kf8 43. g5 c5 44. bxc5 bxc5 45. gxh7 Kg7 46. g6 c4
47. h6+ Kh8 48. Kf6 1-0

[Event "IV Open FIDE"]
[Site "Forli' ITA"]
[Date "1991.09.08"]
[Round "2"]
[White "Anceschi, Vittorio"]
[Black "Maljutin, Evgeni"]
[Result "0-1"]
[WhiteElo "2290"]
[BlackElo "2435"]
[PlyCount "122"]
[EventDate "1991.09.07"]

1. e4 d5 2. exd5 Nf6 3. d4 Nxd5 4. c4 Nb6 5. Nc3 e5 6. dxe5 Qxd1+ 7. Nxd1 Nc6
8. Bd2 Nxe5 9. b3 Bf5 10. Bc3 Nd3+ 11. Bxd3 Bxd3 12. Ne3 Ba3 13. Ne2 O-O 14.
Nf4 Be4 15. O-O Rfd8 16. Rad1 Be7 17. Nh5 f6 18. Ng3 Bg6 19. Nef5 Bf8 20. Nd4
Bf7 21. h4 c6 22. Ndf5 Rd7 23. Rxd7 Nxd7 24. Rd1 Nc5 25. h5 a5 26. Re1 h6 27.
Rd1 a4 28. b4 Na6 29. a3 Bxc4 30. Rd7 c5 31. Nxh6+ gxh6 32. Ne4 Bg7 33. Bxf6
Bf7 34. b5 Bxf6 35. Nxf6+ Kg7 36. Ne4 Nb4 37. Rxb7 Kg8 38. Nxc5 Nd5 39. b6 Be8
40. Ne6 Bf7 41. Nd4 Bxh5 42. Nf5 Be8 43. Nxh6+ Kf8 44. Nf5 Rd8 45. g4 Bd7 46.
Ne3 Nxe3 47. fxe3 Ke7 48. Ra7 Kd6 49. b7 Bc6 50. Kf2 Kc5 51. Ra5+ Kc4 52. Ra6
Kb5 53. Ra8 Rxa8 54. bxa8=Q Bxa8 55. e4 Kc4 56. Ke3 Bc6 57. e5 Kb3 58. Kd2 Kxa3
59. Kc1 Be4 60. e6 Bg6 61. e7 Ka2 0-1

[Event "IV Open FIDE"]
[Site "Forli' ITA"]
[Date "1991.09.08"]
[Round "2"]
[White "Berg, Klaus"]
[Black "Hansen, Curt"]
[Result "1/2-1/2"]
[WhiteElo "2390"]
[BlackElo "2600"]
[PlyCount "20"]
[EventDate "1991.09.07"]

1. g3 g6 2. Bg2 Bg7 3. d4 Nf6 4. Nf3 O-O 5. O-O d6 6. b3 e5 7. dxe5 Ng4 8. Bb2
Nc6 9. Qc1 Ngxe5 10. Nbd2 Re8 1/2-1/2

[Event "IV Open FIDE"]
[Site "Forli' ITA"]
[Date "1991.09.08"]
[Round "2"]
[White "Falchetta, Giovanni"]
[Black "Dutreeuw, Marc"]
[Result "0-1"]
[WhiteElo "2235"]
[BlackElo "2410"]
[PlyCount "112"]
[EventDate "1991.09.07"]

1. d4 d5 2. c4 e6 3. Nc3 Be7 4. cxd5 exd5 5. Bf4 Nf6 6. e3 Bf5 7. Bd3 Bxd3 8.
Qxd3 c6 9. Nf3 O-O 10. O-O Nbd7 11. h3 Re8 12. Ne5 Nxe5 13. Bxe5 Bd6 14. Bxd6
Qxd6 15. Rab1 Ne4 16. b4 a6 17. Nxe4 Rxe4 18. a4 f5 19. b5 axb5 20. axb5 f4 21.
bxc6 bxc6 22. exf4 Qxf4 23. Qc3 Qf6 24. Rb6 Rc8 25. Rc1 Rxd4 26. Qa5 h6 27. Qa6
Rc7 28. Qa2 Re4 29. Rb8+ Kh7 30. Qb1 Qg6 31. Qb6 Qg5 32. Ra1 Rce7 33. Qb1 g6
34. Qb2 Qe5 35. Qxe5 R4xe5 36. Raa8 Rd7 37. Rh8+ Kg7 38. Raf8 h5 39. h4 c5 40.
Rhg8+ Kh6 41. Rf6 d4 42. f4 Ree7 43. Rgxg6+ Kh7 44. Rh6+ Kg8 45. Rxh5 d3 46.
Rfh6 Rg7 47. Rh8+ Kf7 48. Rf5+ Ke6 49. Re5+ Kf6 50. Re1 c4 51. Rc8 Rc7 52. Rf8+
Rgf7 53. Rxf7+ Kxf7 54. Kf2 c3 55. Ke3 Re7+ 56. Kf2 c2 0-1

[Event "IV Open FIDE"]
[Site "Forli' ITA"]
[Date "1991.09.08"]
[Round "2"]
[White "Farago, Ivan"]
[Black "Mileto, Gabriele"]
[Result "1-0"]
[WhiteElo "2515"]
[BlackElo "2255"]
[PlyCount "45"]
[EventDate "1991.09.07"]

1. d4 d5 2. c4 e6 3. Nc3 c5 4. cxd5 exd5 5. Nf3 Nc6 6. g3 Nf6 7. Bg2 Be7 8. O-O
O-O 9. Bg5 cxd4 10. Nxd4 h6 11. Be3 Re8 12. Qb3 Na5 13. Qc2 Bg4 14. Nf5 Bb4 15.
Bd4 Bxc3 16. Bxc3 Rxe2 17. Qd1 d4 18. Nxd4 Rxf2 19. Qa4 Rxg2+ 20. Kxg2 Qd5+ 21.
Kg1 Nc4 22. Rae1 Ne4 23. Rxe4 1-0

[Event "IV Open FIDE"]
[Site "Forli' ITA"]
[Date "1991.09.08"]
[Round "2"]
[White "Godena, Michele"]
[Black "Pedersen, Steffen"]
[Result "1-0"]
[WhiteElo "2415"]
[BlackElo "2295"]
[PlyCount "79"]
[EventDate "1991.09.07"]

1. e4 e5 2. Nf3 Nc6 3. Bb5 a6 4. Ba4 Nf6 5. O-O Be7 6. Bxc6 dxc6 7. d3 Nd7 8.
b3 O-O 9. Bb2 Bf6 10. Nbd2 Re8 11. h3 Nf8 12. Nh2 Ng6 13. Ng4 h5 14. Nxf6+ Qxf6
15. Qxh5 Nf4 16. Qf3 Qg5 17. Kh2 Re6 18. Nc4 Rh6 19. Qg3 Nxh3 20. gxh3 Rxh3+
21. Qxh3 Bxh3 22. Kxh3 Qh5+ 23. Kg3 f5 24. exf5 Qg5+ 25. Kf3 Qxf5+ 26. Ke2 e4
27. Rad1 Qf3+ 28. Kd2 exd3 29. cxd3 Rd8 30. Ne3 c5 31. Kc2 b5 32. Rd2 Rd7 33.
Rg1 a5 34. Ng4 Re7 35. Rg3 Qb7 36. Ne3 Rf7 37. Ng4 Qa6 38. Re2 Kf8 39. Ne5 Rf5
40. Nd7+ 1-0

[Event "IV Open FIDE"]
[Site "Forli' ITA"]
[Date "1991.09.08"]
[Round "2"]
[White "Lagrotteria, Salvatore"]
[Black "Shrentzel, Israel"]
[Result "1/2-1/2"]
[WhiteElo "2240"]
[BlackElo "2375"]
[PlyCount "59"]
[EventDate "1991.09.07"]

1. Nf3 d6 2. g3 Bg4 3. Bg2 Nd7 4. d3 e5 5. O-O Ngf6 6. c4 c6 7. Nbd2 Be7 8. b3
O-O 9. Bb2 Re8 10. Rc1 a5 11. a3 Bf8 12. Rc2 Qb6 13. h3 Bh5 14. Bc3 d5 15. cxd5
cxd5 16. b4 axb4 17. axb4 Rac8 18. Qb1 e4 19. dxe4 dxe4 20. Bd4 exf3 21. Bxb6
fxg2 22. Kxg2 Bg6 23. e4 Rxc2 24. Qxc2 Nxb6 25. f3 Bxb4 26. Qb2 Bc5 27. Qb5 Be3
28. Nc4 Nxc4 29. Qxc4 Rd8 30. Rd1 1/2-1/2

[Event "IV Open FIDE"]
[Site "Forli' ITA"]
[Date "1991.09.08"]
[Round "2"]
[White "Langeweg, Kick"]
[Black "Yeuillaz, Corrado"]
[Result "1/2-1/2"]
[WhiteElo "2410"]
[BlackElo "2205"]
[PlyCount "110"]
[EventDate "1991.09.07"]

1. d4 d5 2. c4 e6 3. Nf3 Nf6 4. Nc3 Nbd7 5. cxd5 exd5 6. Bf4 c6 7. e3 Be7 8. h3
O-O 9. Bd3 a6 10. O-O c5 11. dxc5 Nxc5 12. Rc1 Be6 13. Bb1 Rc8 14. Nd4 Qb6 15.
Qe2 Rfd8 16. Rfd1 Nfe4 17. f3 Nxc3 18. Rxc3 g6 19. Qc2 Bd7 20. Rc1 Ne6 21. Be5
Rxc3 22. Qxc3 Rc8 23. Qd2 Rxc1+ 24. Qxc1 f6 25. Bg3 Nxd4 26. exd4 Qxd4+ 27. Bf2
Qc4 28. Qe3 Bd6 29. b3 Qc7 30. Bd3 Bf4 31. Qc5 Qxc5 32. Bxc5 Kf7 33. Kf2 Ke6
34. h4 Bd6 35. Bb6 Be7 36. g3 f5 37. f4 Bf6 38. Ke3 Bb5 39. Bxb5 axb5 40. Bd4
Be7 41. Kd3 Kd7 42. Ke3 b4 43. Kd3 Kc6 44. Bf2 Bc5 45. Be1 Kb5 46. Ke2 Bg1 47.
Kd2 Kc5 48. Kd3 h5 49. Ke2 Kd4 50. Bxb4 Ke4 51. a4 Ba7 52. Be1 d4 53. b4 d3+
54. Kd1 Be3 55. a5 Kd5 1/2-1/2

[Event "IV Open FIDE"]
[Site "Forli' ITA"]
[Date "1991.09.08"]
[Round "2"]
[White "Magalotti, Andrea"]
[Black "Ortega, Lexy"]
[Result "0-1"]
[WhiteElo "2205"]
[BlackElo "2410"]
[PlyCount "88"]
[EventDate "1991.09.07"]

1. e4 c5 2. Nf3 d6 3. d4 cxd4 4. Nxd4 Nf6 5. Nc3 a6 6. Bc4 e6 7. Bb3 Nbd7 8.
O-O Nc5 9. Qf3 Be7 10. Re1 O-O 11. Qg3 Kh8 12. f3 Bd7 13. Be3 b5 14. Rad1 Qc7
15. Nce2 a5 16. c3 Nxb3 17. axb3 a4 18. bxa4 Rxa4 19. Nc2 Rfa8 20. Nb4 h6 21.
Nf4 Kh7 22. Bd4 g5 23. Nfd3 e5 24. Be3 Be6 25. Qf2 Bb3 26. Rd2 Be6 27. Red1 Rg8
28. h3 Nh5 29. g4 Nf4 30. Bxf4 gxf4 31. Ne1 Qb7 32. Kh2 Bb3 33. Nec2 Rga8 34.
Nd5 Bd8 35. Re1 Qa7 36. Qxa7 R4xa7 37. Ncb4 Ra1 38. Rde2 Bh4 39. Rxa1 Rxa1 40.
Kg2 Bc4 41. Rd2 Bf1+ 42. Kg1 Bxh3+ 43. Kh2 Bf1 44. Nc2 Rc1 0-1

[Event "IV Open FIDE"]
[Site "Forli' ITA"]
[Date "1991.09.08"]
[Round "2"]
[White "Motwani, Paul"]
[Black "Payen, Arnaud"]
[Result "1-0"]
[WhiteElo "2440"]
[BlackElo "2235"]
[PlyCount "67"]
[EventDate "1991.09.07"]

1. e4 c5 2. Nf3 d6 3. d4 cxd4 4. Nxd4 Nf6 5. Nc3 g6 6. g3 Nc6 7. Nde2 Bg7 8.
Bg2 O-O 9. O-O Rb8 10. a4 a6 11. h3 b5 12. axb5 axb5 13. Be3 Nd7 14. Nd4 Nxd4
15. Bxd4 Ne5 16. Nd5 e6 17. Nb4 Bb7 18. b3 Qc8 19. Qd2 Rd8 20. Ra5 Ba8 21. Rfa1
Nc6 22. Nxc6 Bxc6 23. Bxg7 Kxg7 24. h4 Ra8 25. Rxa8 Bxa8 26. h5 Qc5 27. h6+ Kf6
28. Ra5 Ke7 29. c4 Bc6 30. cxb5 Bxb5 31. Bf1 Rb8 32. b4 Qh5 33. Bxb5 Rxb5 34.
Ra7+ 1-0

[Event "IV Open FIDE"]
[Site "Forli' ITA"]
[Date "1991.09.08"]
[Round "2"]
[White "Pieri, Filippo"]
[Black "Yilmaz, Turhan"]
[Result "1/2-1/2"]
[WhiteElo "2240"]
[BlackElo "2340"]
[PlyCount "61"]
[EventDate "1991.09.07"]

1. e4 e5 2. Nf3 Nc6 3. d4 exd4 4. Bc4 Nf6 5. O-O Bc5 6. e5 d5 7. exf6 dxc4 8.
Re1+ Be6 9. Ng5 Qd5 10. Nc3 Qf5 11. Nce4 O-O-O 12. g4 Qe5 13. Nxe6 fxe6 14.
fxg7 Rhg8 15. Bh6 d3 16. c3 d2 17. Re2 Rd3 18. Qf1 Bb6 19. Rd1 Rxg7 20. Bxg7
Qxg7 21. Qg2 Ne5 22. Rexd2 a5 23. Rxd3 cxd3 24. Qg3 Qg6 25. Qf4 Nxg4 26. Qf8+
Kd7 27. Rxd3+ Kc6 28. Rd6+ cxd6 29. Qxd6+ Kb5 30. Qd3+ Kc6 31. Qd6+ 1/2-1/2

[Event "IV Open FIDE"]
[Site "Forli' ITA"]
[Date "1991.09.08"]
[Round "2"]
[White "Winterstein, Wolfgang"]
[Black "Wagman, Stuart"]
[Result "1-0"]
[WhiteElo "2300"]
[BlackElo "2225"]
[PlyCount "97"]
[EventDate "1991.09.07"]

1. e4 e5 2. Nf3 Nc6 3. Bb5 a6 4. Ba4 Nf6 5. O-O Nxe4 6. d4 b5 7. Bb3 d5 8. dxe5
Be6 9. Qe2 Be7 10. Rd1 O-O 11. c4 bxc4 12. Bxc4 Bc5 13. Be3 Bxe3 14. Qxe3 Qb8
15. Bb3 Ne7 16. Nc3 Nxc3 17. Qxc3 a5 18. Rac1 a4 19. Bc2 Qb6 20. Rd4 c5 21. Rh4
h6 22. Rxa4 d4 23. Qa3 Rxa4 24. Bxa4 Ra8 25. h3 Ng6 26. b3 Rc8 27. Qb2 Nf4 28.
Qd2 Nd5 29. Ne1 Nc3 30. Rxc3 dxc3 31. Qxc3 Rd8 32. Nd3 Qa6 33. Nxc5 Rd1+ 34.
Kh2 Qf1 35. Nxe6 fxe6 36. b4 Rd8 37. Bb3 Qxf2 38. Bxe6+ Kh8 39. Qg3 Qb6 40. Qg4
Re8 41. Bb3 Rxe5 42. Qc8+ Kh7 43. Bc2+ g6 44. Qd7+ Kg8 45. Bb3+ Kh8 46. Qc8+
Kg7 47. Qg8+ Kf6 48. Qf7+ Kg5 49. h4+ 1-0

[Event "IV Open FIDE"]
[Site "Forli' ITA"]
[Date "1991.09.08"]
[Round "2"]
[White "Zadrima, Aldo"]
[Black "Antonsen, Mikkel"]
[Result "1/2-1/2"]
[WhiteElo "2235"]
[BlackElo "2325"]
[PlyCount "41"]
[EventDate "1991.09.07"]

1. e4 e6 2. d4 d5 3. Nc3 Bb4 4. e5 Ne7 5. a3 Bxc3+ 6. bxc3 c5 7. Nf3 b6 8. Bb5+
Bd7 9. Bd3 Ba4 10. O-O c4 11. Be2 h6 12. Re1 Nbc6 13. Nd2 Qd7 14. Nf1 O-O-O 15.
Ng3 g6 16. Bd2 Qe8 17. Qc1 Qf8 18. Bd1 Qg7 19. Rb1 Rdf8 20. Re3 Nd8 21. Qb2
1/2-1/2

[Event "IV Open FIDE"]
[Site "Forli' ITA"]
[Date "1991.09.09"]
[Round "3"]
[White "Antonsen, Mikkel"]
[Black "Lagrotteria, Salvatore"]
[Result "1/2-1/2"]
[WhiteElo "2325"]
[BlackElo "2240"]
[PlyCount "106"]
[EventDate "1991.09.07"]

1. d4 Nf6 2. c4 g6 3. Nc3 Bg7 4. e4 d6 5. f3 O-O 6. Be3 e5 7. Nge2 c6 8. Qd2 a6
9. O-O-O Nbd7 10. Kb1 Qe7 11. Nc1 Ne8 12. g4 exd4 13. Bxd4 Bxd4 14. Qxd4 Ne5
15. Be2 b5 16. cxb5 axb5 17. h3 Qf6 18. Rhf1 Qf4 19. Nd3 Nxd3 20. Bxd3 Be6 21.
a3 c5 22. Ne2 Qh6 23. Qc3 b4 24. axb4 Ba2+ 25. Kc2 cxb4 26. Qxb4 Ng7 27. Qxd6
Ne6 28. Bb5 Rab8 29. Nc3 Rfc8 30. Bd7 Bb3+ 31. Kb1 Rd8 32. Nd5 Bxd5 33. Qxd5
Nf8 34. Qc6 Qg7 35. Rf2 Qe5 36. Rc2 Qe7 37. Rcd2 Qb4 38. Rc2 Rb7 39. Qc3 Qxc3
40. Rxc3 Rbxd7 41. Rxd7 Rxd7 42. Ka2 g5 43. b4 Kg7 44. Kb3 Ne6 45. b5 Kf6 46.
Kb4 Ke5 47. b6 Rd1 48. Kb5 Rb1+ 49. Kc6 Nd4+ 50. Kb7 Kf4 51. Rc7 Kxf3 52. Rxf7+
Kxe4 53. Rxh7 Ne6 1/2-1/2

[Event "IV Open FIDE"]
[Site "Forli' ITA"]
[Date "1991.09.09"]
[Round "3"]
[White "Boe, Mads"]
[Black "Farago, Ivan"]
[Result "0-1"]
[WhiteElo "2320"]
[BlackElo "2515"]
[PlyCount "74"]
[EventDate "1991.09.07"]

1. f4 d5 2. Nf3 g6 3. e3 Bg7 4. d4 Nh6 5. Bd3 Bf5 6. O-O O-O 7. c4 dxc4 8. Bxc4
c5 9. Nc3 Nd7 10. d5 Nb6 11. Qb3 Bxc3 12. bxc3 Ng4 13. Rd1 Qc7 14. a4 Rad8 15.
a5 Nxc4 16. Qxc4 Nf6 17. Ba3 b6 18. Qa2 Ne4 19. Rac1 b5 20. Bb2 c4 21. Rd4 Nc5
22. Nd2 e5 23. fxe5 Qxe5 24. e4 Nxe4 25. Nxe4 Bxe4 26. Re1 f5 27. Ba3 Rf6 28.
d6 Rd7 29. Bb4 g5 30. Qf2 Rh6 31. g4 Rh4 32. Rexe4 fxe4 33. Qg2 Qf4 34. Rxe4
Qc1+ 35. Kf2 Qd2+ 36. Kg3 Qd3+ 37. Kf2 Rf7+ 0-1